000 00563cam a2200205 4500
008 000000n2000 000 0 eng u
020 _a1860813666
035 _a(Sirsi) u105336
050 _a693.5
100 _aClayton, N.
110 _aBuilding Research Establishment
245 _aConcrete strength : the effect of ocean-depth water pressure.
260 _aLondon
_bCRC
_c2000
300 _a6p. ; 30cm.
490 _aInformation Paper
_v6/00
650 _aCOMPRESSION TESTS
650 _aFLEXURE TESTS
690 _aBUILT ENVIRONMENT
942 _n0
999 _c100367
_d100367